| 000 | 00345nam a22001457a 4500 | ||
|---|---|---|---|
| 003 | OSt | ||
| 005 | 20160727222346.0 | ||
| 008 | 160621b xxu||||| |||| 00| 0 eng d | ||
| 040 | _cTEST | ||
| 100 |
_9245 _aCraft, C |
||
| 245 | _aParent Guid And Index | ||
| 260 |
_aUK _b World Book Inc. _c1985 |
||
| 300 | _aParent Guid And Index | ||
| 942 |
_2ddc _cBK |
||
| 999 |
_c195 _d195 |
||